Представление документа в формате RUSMARC

ПолеНазваниеЗначение
  Тип записи a
  Библиографический уровень m
001 Контрольный номер RU/SLIB/B/208727153
005 Дата корректировки 20241022162543.1
010 Индекс ISBN __
d Цена 1-80
101 Язык документа 0_
a Язык текста rus
200 Заглавие и сведения об ответственности 1_
a Заглавие Четверо стойких
e Сведения, относящиеся к заглавию док. повесть
b Общее обозначение материала Текст
210 Выходные данные 1_
a Место издания М.
c Издательство Политиздат
d Дата издания 1985
215 Физическое описание __
a Объем 368 с.
600 Персоналии _1
a Персоналии (Фамилия) Либкнехт К.
600 Персоналии _1
a Персоналии (Фамилия) Люксембург Р.
600 Персоналии _1
a Персоналии (Фамилия) Меринг Ф.
600 Персоналии _1
a Персоналии (Фамилия) Цеткин К.
606 Тематические рубрики __
a Основная рубрика История
y Географическая подрубрика Германия
606 Тематические рубрики __
a Основная рубрика История Европы в целом
606 Тематические рубрики __
a Основная рубрика Политика. Политология
606 Тематические рубрики __
a Основная рубрика Политические движения и партии зарубежных стран
610 Ключевые слова 0_
a Ключевые слова революционеры; политические деятели; документальные повести; политика; революции; персоналии
686 Индексы других классификаций __
a Классификационный индекс 63.3(4Гем)-8
686 Индексы других классификаций __
a Классификационный индекс 66.69(4Гем),2; ст63.3(4Гем)-8
700 Автор _1
a Фамилия Драбкин
b Имя Я. С.
4 Код отношения 070
801 Источник записи _0
a Страна RU
b Организация Муниципальное бюджетное учреждение культуры "Централизованная библиотечная система" г. Сургут (Центральная городская библиотека им. А. С. Пушкина)
g Правила каталогизации КиК/Уланова
801 Источник записи _1
a Страна RU
b Организация Муниципальное бюджетное учреждение культуры "Централизованная библиотечная система" г. Сургут (Центральная городская библиотека им. А. С. Пушкина)
g Правила каталогизации КиК/Уланова
852 Данные о местонахождении __
j Шифр хранения 63.3(4Гем)-8
c Каталожный индекс 63.3(4Гем)-8; 66.69(4Гем)
i Авторский знак Д 72
p Инвентарный номер 22964
901 Тип документа __
t Тип документа m
990 Данные о заказе (DOS) __
j Количество экземпляров (DOS) 3
t N записи в КСУ для И/У (DOS) 199101